| 000 | 00842cam a2200205 4500 | ||
|---|---|---|---|
| 001 | ##L131930 | ||
| 008 | 051216n2005 000 0 eng u | ||
| 020 | _a1860818692 | ||
| 035 | _a(Sirsi) u131930 | ||
| 041 | 0 | _aeng | |
| 050 | 0 | 4 | _a697.78 |
| 100 | 1 | _aBlackmore, Paul | |
| 245 | 0 | 0 | _aMechanical installations of roof-mounted photovoltaic systems |
| 260 |
_aWatford _bBRE _c2005 |
||
| 300 |
_a6p!bill, diagrams _c30cm |
||
| 490 | 0 |
_aBRE Digest _v495 |
|
| 520 | _aProvides best practice guidance on the installation and use of photovoltaic systems on domestic roofs. Also covers their care, maintenance and inspection, and provides a checklist of the types of PV systems available. | ||
| 690 | _aBUILT ENVIRONMENT-BUILDING ELEMENTS-PARTS OF BUILDING SERVICES ELEMENTS-ENERGY GENERATION, STORAGE AND CONVERSION ELEMENTS | ||
| 942 | _n0 | ||
| 999 |
_c104908 _d104908 |
||